Sports Quiz

Random Sports or Olympics Quiz

2016 Artistic Gymnastics Olympians Quiz Stats

 Plays Quiz not verified by Sporcle

Score 0/97 Timer 08:00
0 Plays Today
Hint Answer % Correct
USASimone Biles
92.6%
USAAly Raisman
88.4%
USA Gabrielle Douglas
86.1%
RussiaAliya Mustafina
85.6%
Great BritainEllie Downie
84.7%
USAMadison Kocian
84.3%
ItalyVanessa Ferrari
83.3%
Great BritainBecky Downie
82.9%
USA Lauren Hernandez
82.9%
Netherlands Sanne Wevers
81.9%
NetherlandsLieke Wevers
81.5%
Great BritainAmy Tinkler
80.1%
CanadaEllie Black
79.2%
GermanyElisabeth Seitz
74.5%
JapanMai Murakami
73.6%
UzbekistanOksana Chusovitina
73.1%
ChinaShang Chunsong
72.7%
Great BritainClaudia Fragapane
72.2%
Russia Maria Paseka
72.2%
BrazilFlavia Saraiva
71.8%
ChinaFan Yillin
71.3%
BrazilRebecca Andrade
70.8%
North KoreaHong Un Jong
69.4%
RomaniaCatalina Ponor
68.1%
RussiaAngelina Melnikova
68.1%
ItalyCarlotta Ferlito
67.6%
BrazilJade Barbosa
67.1%
GermanyKim Bui
66.7%
GermanySophie Scheder
66.7%
RussiaDaria Spiridonova
66.7%
NetherlandsEythora Thorsdottir
66.2%
ChinaWang Yan
65.7%
SwitzerlandGiulia Steingruber
65.7%
Hint Answer % Correct
BrazilDaniele Hypolito
65.3%
Great BritainRuby Harrold
64.8%
IndiaDipa Karmakar
64.4%
BelgiumNina Derwael
63.4%
FranceMarine Boyer
62%
JapanAsuka Teramoto
62%
CanadaShallon Olsen
59.7%
RussiaSeda Tutkhalyan
59.7%
CanadaBrittany Rogers
58.8%
GermanyPauline Schaefer
57.4%
ChinaMao Yi
56.9%
Venezuela Jessica Lopez
56.9%
Trinidad and TobagoMarisa Dick
56%
AustraliaLarrisa Miller
55.6%
ChinaTan Jiaxin
55.6%
ItalyErika Fasana
55.1%
Netherlands Celine Van Gerner
55.1%
JamaicaToni Ann Williams
54.2%
GermanyTabea Alt
53.7%
JapanSae Miyakawa
53.7%
CanadaIsabela Onyshko
52.8%
MexicoAlexa Moreno
51.9%
CanadaRose Woo
50.9%
BelarusKylie Dickson
50%
Netherlands Vera Van Pol
49.5%
GreeceVasiliki Millousi
49.1%
HungaryZsofia Kovacs
47.7%
New ZealandCourtney Mcgregor
47.7%
ItalyElisa Meneghini
47.2%
TurkeyTutya Yilmaz
46.8%
BelgiumRune Hermans
46.3%
BelgiumGaelle Mys
46.3%
GuatemalaAna Sofia Gomez Porras
46.3%
Hint Answer % Correct
VietnamPhan Thi Ha Thanh
46.3%
FranceLoan His
45.4%
JapanAiko Sugihara
45.4%
FranceOreane Lechenault
43.1%
IrelandEllis O'Reilly
43.1%
ArmeniaHoury Gebeshian
42.1%
BrazilLorrane Oliveira
41.7%
FranceLouise Vanhille
41.2%
South KoreaLee Eun Ju
40.7%
CroatiaAna Derek
40.3%
EgyptSherine Elzeiny
40.3%
AlgeriaFarah Boufadene
39.8%
BelgiumSenna Deriks
39.8%
CubaMarcia Videaux
39.8%
BelgiumLaura Waem
39.4%
FranceMarine Brevet
39.4%
PortugalAna Filipa Martins
39.4%
ItalyMartina Rizzelli
38.9%
JapanYuki Uchiyama
38.4%
SpainAna Perez
38.4%
SwedenEmma Larsson
38.4%
ChileSimona Castro
38%
UkraineAngelina Kysla
37.5%
AustriaLisa Ecker
37%
PolandKatarzyna Jurkowska-Kowalska
37%
ArgentinaAilen Valente
36.1%
PeruAriana Orrego
36.1%
SlovakiaBarbora Mokosova
36.1%
SloveniaTeja Belak
36.1%
ColombiaCatalina Escobar
35.6%
PanamaIsabella Amado
35.2%

You're not logged in!

Compare scores with friends on all Sporcle quizzes.
OR
Log In

Sporcle TV

Today on Sporcle TV


Watch our educational content, quiz creation guides, and fun videos on Sporcle TV.

Show Comments

Extras

Top Quizzes Today


Score Distribution

Your Account Isn't Verified!

In order to create a playlist on Sporcle, you need to verify the email address you used during registration. Go to your Sporcle Settings to finish the process.

Report this User

Report this user for behavior that violates our Community Guidelines.

Details: